000 00668nam a22002177a 4500
003 UA-OsUOA
001 59505
007 ta
008 20090330b un ||||| |||| 00| 0 ukr d
100 _aКульпінський С.В.
090 _a330(477)
_bК90
942 _cSA
040 _aUA-OsUOA
_bukr
_cUA-OsUOA
_dUA-OsUOA
245 _aРегулятивні механізми фінансового ринку в макроекономічній динаміці
300 _aС.66-73
955 _a0
041 _aukr
080 _a330(477)
773 0 _w59504
_tФінанси України
_dК.
_d2009
_g2
650 7 _a330 Економіка взагалі
_2UDC
999 _c345693
_d345693